Jurnal bahasa : jilid 6, bil 4, 2006

Bibliographic Details
Other Authors: Padilah Hj. Ali
Format: Book
Published: Kuala Lumpur : Dewan Bahasa dan Pustaka , 2006
Subjects:

MARC

LEADER 00000cam a2200000 7i4500
001 0000021471
005 20080911.0
008 080714
022 0 |a 15119084 
090 0 0 |a 499.2305   |b JUR 
245 1 0 |a Jurnal bahasa :   |b jilid 6, bil 4, 2006   |c ketua editor Padilah Hj. Ali 
260 |a Kuala Lumpur :   |b Dewan Bahasa dan Pustaka ,   |c 2006 
650 0 |a Languages   |x Periodicals 
700 1 |a Padilah Hj. Ali 
999 |a 0001029686   |b Book   |c Adult Collection   |e Perbadanan Perpustakaan Awam Johor